000 01427nam0a22002891 4500
001 v19\rc\1718697
005 20250619040152.0
035 _a(NLR Aleph) 004816870
090 _a4981158
_c4981158
100 _a20061002e19001900|||y0rusy50 ca
101 0 _arus
102 _aRU
105 _ay z |||||
200 1 _aИсследование случая афазии
_eВкратце доложено Киев. психиатр. о-ву с демонстрацией больного в заседании 1 дек. 1898
_f[Соч.] В.И. Руднева, орд. Клиники нерв. и душев. болезней Унив. св. Владимира
210 _aКиев
_cлито-тип. т-ва И.Н. Кушнерев и К°
_dценз. 1900
215 _a34 с.
_d24
309 _aБез тит. л. и обл.
311 _aОтт. из журн. "Вопр. нервно-психич. медицины". Т. 5
488 0 _12001#$aВопросы нервно-психической медицины$vТ. 5
_tВопросы нервно-психической медицины
700 1 _4220
_aРуднев
_bВ. И.
_cд-р мед. наук
_f1870-1951
_gВладимир Иванович
_9138976
_3RU\NLR\AUTH\770139011
801 0 _aRU
_bNLR
_gpsbo
801 0 _aRU
_bRuMoRGB
_2psbo
801 1 _aRU
_bProSoft-M
_2rusmarc
852 _aNLR
_j20.58.3.148
899 _aRuMoRGB
_jA 259/72
942 _cBOOK
980 _aNB